00338nam a2200133Ia 4500008004100000041000800041082001200049100001300061245002000074260006900094300000900163650001900172700001300191220803s9999 xx 000 0 und d aeng a720 MCE aMCE Pub. aIndowindow 2011 aChennaibMeenakshi Amman College Of Engineering & Architecc2011 a162p aArchitecture.. aMCE Pub.